| 000 | 01448nam0a22003371 4500 | ||
|---|---|---|---|
| 001 | rc\2142468 | ||
| 005 | 20260406163150.0 | ||
| 035 | _a(NLR Aleph) 006512649 | ||
| 090 |
_a6346615 _c6346615 |
||
| 100 | _a20110829d1978 |||y0rusy50 ca | ||
| 101 | 1 |
_arus _ceng |
|
| 102 | _aRU | ||
| 105 | _aa z |||a| | ||
| 200 | 1 |
_aСледопыт, или На берегах Онтарио _eРоман _e[Для сред. и ст. возраста] _f[Пер. с англ. Р. Гальперинов и др. _gПослесл. Н. Эйшискиной _gРис. Г. Брока] |
|
| 205 | _a3-е изд. | ||
| 210 |
_aМосква _cДет. лит. _d1978 |
||
| 215 |
_a463 с. _cил. _d20 |
||
| 225 | 1 | _aБиблиотека приключений и научной фантастики | |
| 225 | 1 | _aБиблиотечная серия | |
| 606 |
_aИндейцы Северной Америки. (д. л.) _2psbo |
||
| 606 |
_aКолонизация Северной Америки, (д. л.) _2psbo |
||
| 700 | 1 |
_7ca _8rus _aКупер _bД. Ф. _f1789-1851 _gДжеймс Фенимор _9119723 _3RU\NLR\AUTH\779931 |
|
| 702 | 1 |
_aЭйшискина _bН. _4080 |
|
| 702 | 1 |
_aГальперина _bР. _4730 |
|
| 702 | 1 |
_4440 _7ca _8rus _aБрок _bГ. М. _f1875-1960 _gГенри Мэтью _9213590 _3RU\NLR\AUTH\770213646 |
|
| 801 | 0 |
_aRU _bNLR _gpsbo |
|
| 801 | 1 |
_aRU _bELAR _2rusmarc |
|
| 852 |
_aNLR _j78-3/7039 |
||
| 942 | _cBOOK | ||
| 980 | _aNB | ||